| 000 | 00637nab a2200229 a 4500 | ||
|---|---|---|---|
| 005 | 20210219161217.0 | ||
| 008 | 991125s1985 mx 000 0 spa u | ||
| 035 | _aUPN01000181049 | ||
| 100 | 1 | _aReyes Ruiz, Gerardo | |
| 222 | _aPERFILES EDUCATIVOS | ||
| 245 | _aLos nuevos ingresos como candidato a investigador en el SNI : 1996-2003 | ||
| 260 | _aMéxico | ||
| 300 | _a8-37 | ||
| 362 | 0 | _a2010 Vol. 31, no. 127 | |
| 653 | 0 | _aSNI | |
| 653 | 0 | _aINVESTIGADORES MEXICANOS | |
| 653 | 0 | _aCAPITAL HUMANO | |
| 653 | 0 | _aINVESTIGACION CIENTIFICA | |
| 700 | 1 | _aSuriñach I Caralt, Jordi, | |
| 700 | 1 | _ecoaut. | |
| 905 | _aArticulo | ||
| 999 |
_c153152 _d153152 |
||